| 000 | 00722nam a22002057a 4500 | ||
|---|---|---|---|
| 005 | 20251108173418.0 | ||
| 008 | 250721s2005 xx 000 0 ara d | ||
| 020 | _a9775323851 | ||
| 082 | 1 | 4 | _aم/ 211.63/ نور |
| 100 | 1 | _aالنورسي، سعيد | |
| 245 | 1 | 0 | _aذو الفقار : مجموعة رسائل المعجزات القرآنية و المعجزات الأحمدية ورسالة الحشر / |
| 264 | 1 |
_aالقاهرة : _bشركة سوزلر للنشر، _c2005. |
|
| 300 | _a502ص. | ||
| 650 | 1 | 7 | _aالقرآن الكريم |
| 650 | 1 | 7 | _aإعجاز القرآن |
| 650 | 1 | 7 | _aالمعجزات |
| 700 | 1 |
_aالصالحي، إحسان قاسم _eTran. |
|
| 942 |
_2ddc _cREF |
||
| 999 |
_c103266 _d103266 |
||